| 000 | 00709nam a2200217 a 4500 | ||
|---|---|---|---|
| 001 | BRCA_8378 | ||
| 005 | 20190320210245.0 | ||
| 008 | 090910s2014----ne-o######---#000-0#eng-# | ||
| 020 | _a9789053308233 | ||
| 041 | _aeng | ||
| 044 | _ane | ||
| 050 | 4 |
_aTR820 _b.S76 2014 |
|
| 245 | 1 | 0 |
_aStories of Change. Beyond the Arab Spring _bWorld Press Photo. |
| 260 |
_aÁmsterdam, Países Bajos _bSchilt Publishing : Stichting World Press Photo _c2014 |
||
| 300 |
_a311 p. _bil. (algunas a color) _c25 cm. |
||
| 650 | 1 | 4 |
_aFotoperiodismo _vExposiciones _xPremios _95406 |
| 650 | 1 | 4 |
_aFotografía _vExposiciones _xPremios _95407 |
| 651 | 4 |
_aArabia _xHistoria _920991 |
|
| 710 | 2 |
_aWorld Press Photo _920992 |
|
| 942 |
_2lcc _cB |
||
| 999 |
_c8046 _d8046 |
||